| 000 | 00410nam a22001457a 4500 | ||
|---|---|---|---|
| 003 | SGT | ||
| 082 |
_a150 _bE24S |
||
| 100 | _aSETH, KALYANI | ||
| 245 | _aEXPERIENCE OF CANCER JOURNEY THROUGH THE EYES OF SURVIVOR AND CAREGIVER: AN INTERPRETATIVE PHENOMENOLOGICAL APPROACH | ||
| 260 |
_aGURUGRAM _bSGT UNIVERSITY _c2024 |
||
| 300 | _a232 | ||
| 650 | _aCLINICAL PSYCHOLOGY | ||
| 653 | _aPHD | ||
| 942 |
_2ddc _cTH |
||
| 999 |
_c32422 _d32422 |
||